| 000 | 00513nam a22001697a 4500 | ||
|---|---|---|---|
| 003 | OSt | ||
| 008 | 231027b |||||||| |||| 00| 0 eng d | ||
| 041 | _aeng | ||
| 082 | _a621.301 HEM / V | ||
| 100 |
_aHemachandran, VV _95550 |
||
| 245 | _aVaidyutha Technology (Electrical Technology) | ||
| 260 |
_a1972: _bkerala Bhasha Institute, _c1972. |
||
| 300 | _a535pages. | ||
| 650 |
_aVaidyutha Technology _95551 |
||
| 700 |
_aVasu, KS; Varier, BS ; Sreenivas, TR; Mohandas, KP and Damodaran, VK _95552 |
||
| 942 | _cBK | ||
| 999 |
_c17764 _d17764 |
||